Statistics for World War 2 Trivia

Click here to take the quiz!

General Stats

  • This quiz has been taken 181 times
  • The average score is 8 of 10

Answer Stats

Answer % Correct
Leader Of Nazi GermanyAdolf Hitler
99%
Germany Invaded this country to start WWIIPoland
95%
Leader Of Fascist ItalyBenito Mussolini
92%
First city to be bombed by U.S. in JapanHiroshima
86%
Second city to be bombed by U.S. in JapanNagasaki
85%
On 22 June 1941, Hitler launched an invasion of what superpower countrySoviet Union
84%
Which wall divided West Germany From Wast GermanyBerlin Wall
83%
Prime Minister Of U.K.Winston Churchill
70%
Leader Of JapanHirohito
68%
President Of U.S.Franklin D. Roosevelt
68%

Score Distribution

Percentile by Number Answered

Percent of People with Each Score

Your Score History

You have not taken this quiz